Rudiments of computer science : (Record no. 40441)

MARC details
000 -LEADER
fixed length control field 00805nam a22002177a 4500
005 - DATE AND TIME OF LATEST TRANSACTION
control field 20100809160552.0
010 ## - LCCN (DPL NO)
LC control number ENG-99154
020 ## - INTERNATIONAL STANDARD BOOK NUMBER
International Standard Book Number 9789380599021
Terms of availability 275.00
035 ## - SYSTEM CONTROL NUMBER
System control number EN-82686
037 ## - SOURCE OF ACQUISITION
Source of stock number/acquisition DBAD/PUB
082 ## - DEWEY DECIMAL CLASSIFICATION NUMBER
Classification number 004.03
100 ## - MAIN ENTRY--PERSONAL NAME
Personal name Bhattacharya, Joyrup
245 ## - TITLE STATEMENT
Title Rudiments of computer science :
Remainder of title as per syllabus of West Bengal council for higher secondary education /
Statement of responsibility, etc by Joyrup Bhattacharya
260 ## - PUBLICATION, DISTRIBUTION, ETC. (IMPRINT)
Place of publication, distribution, etc Kolkata
Name of publisher, distributor, etc Academic Publishers
Date of publication, distribution, etc 2010
270 ## - ADDRESS
Address 5A, Bhawani Dutta Lane
City Kolkata
Postal code 700073
300 ## - PHYSICAL DESCRIPTION
Extent various pagings
Dimensions 27cm (pbk)
700 ## - ADDED ENTRY--PERSONAL NAME
9 (RLIN) 9571
700 ## - ADDED ENTRY--PERSONAL NAME
9 (RLIN) 9572
942 ## - ADDED ENTRY ELEMENTS (KOHA)
Source of classification or shelving scheme Dewey Decimal Classification
Item type English Books
Classification part 004.03
Call number suffix BHA
Holdings
Withdrawn status Lost status Not for loan Collection code Home library Current library Date acquired Source of acquisition Cost, normal purchase price Full call number Barcode Copy number Cost, replacement price Koha item type
    Not For Loan Non-fiction D.B.Act.Division D.B.Act.Division 09/08/2010 DBAD/PUB 275.00 004.03 BHA EN-82686 1 275.00 English Books

© Delhi Public Library
Hit Counter
free hit counter